Finish the lyrics #2 - Statistics

General Stats
  • This quiz has been taken 236 times
  • The average score is 7 of 15
Answer Stats
Lyrics Artist Answer % Correct
gimme, gimme, gimme... ABBA a man after midnight
81%
you used to call me on my... Drake cell phone
79%
I got a feeling Black Eyed Peas that tonight's gonna be a good night
72%
Find light in the beatiful see, I choose... Rihanna to be happy
64%
Oh, baby, when you talk like that... Shakira You make a woman go mad
63%
I walk this empty street, on the.... Green Day boulevard of broken dreams
52%
she says I am the one, but the... Michael Jackson kid is not my son
48%
All my friends are heathens,... Twenty One Pilots take it slow
48%
Well you only need the light when... Passenger it's burning low
46%
I was made for lovin' you baby... KISS you were made for lovin' me
45%
Let the skyfall... Adele when it crumbles
41%
are we human... The Killers or are we dancer?
33%
easy come, easy go,... Bruno Mars that's just how you live
29%
Oh, I'm an alien,... Sting I'm a legal alien
18%
We are gonna dance into the sea DJ Antoine all I want is you you're ma cherie
7%
No matching quizzes found
Score Distribution
Percent of People with Each Score
Percentile by Number Answered
Your Score History
You have not taken this quiz